| 000 -LEADER |
| fixed length control field |
00372cam a22001217a 4500 |
| 008 - FIXED-LENGTH DATA ELEMENTS--GENERAL INFORMATION |
| fixed length control field |
180718b1968 xxu||||| |||| 00| 0 eng d |
| 082 ## - DEWEY DECIMAL CLASSIFICATION NUMBER |
| Classification number |
A99 N988s/2 |
| 100 ## - MAIN ENTRY--PERSONAL NAME |
| Personal name |
Nyerere, Julius K. |
| 245 ## - TITLE STATEMENT |
| Title |
Freedom and socialism: a selection from writings and speeches 1965- 1967 |
| Statement of responsibility, etc. |
by Julius K. Nyerere |
| 260 ## - PUBLICATION, DISTRIBUTION, ETC. |
| Place of publication, distribution, etc. |
London |
| Name of publisher, distributor, etc. |
Oxford |
| Date of publication, distribution, etc. |
1968 |
| 300 ## - PHYSICAL DESCRIPTION |
| Extent |
xvi, 422p |
| 650 ## - SUBJECT ADDED ENTRY--TOPICAL TERM |
| Topical term or geographic name entry element |
Socialism |